The Sassanid Empire Today - Statistics

General Stats
  • This quiz has been taken 91 times
  • The average score is 20 of 23
Answer Stats
Answer % Correct
Iraq
99%
Iraq
99%
Egypt
94%
Turkey
93%
Afghanistan
91%
Armenia
91%
Oman
91%
Pakistan
91%
Yemen
91%
Azerbaijan
90%
Georgia
90%
Israel
90%
Syria
88%
Turkmenistan
88%
Lebanon
87%
Saudi Arabia
85%
United Arab Emirates
85%
Uzbekistan
85%
Tajikistan
84%
Bahrain
83%
Qatar
83%
Jordan
80%
Kuwait
80%
No matching quizzes found
Score Distribution
Percent of People with Each Score
Percentile by Number Answered
Your Score History
You have not taken this quiz